[Event "ch-DEN Rapid 2024"]
[Site "Snekkersten DEN"]
[Date "2024.08.31"]
[Round "6.2"]
[White "Hansen, SuB"]
[Black "Thybo, Jesper Sondergaard"]
[Result "1-0"]
[WhiteElo "2520"]
[BlackElo "2554"]
[PlyCount "65"]
[EventDate "2024.08.31"]
[EventType "rapid"]

1. Nf3 c5 2. c4 Nf6 3. Nc3 e6 4. e3 a6 5. d4 d5 6. a3 dxc4 7. Bxc4 b5 8. Ba2 Bb7 9. O-O Be7 10. Qe2 O-O ({RR} 10... Nbd7 11. Rd1 O-O 12. e4 b4 13. d5 bxc3 14. dxe6 fxe6 15. Bxe6+ Kh8 16. e5 Bxf3 17. gxf3 cxb2 18. Bxb2 Qe8 19. exf6 Nxf6 20. Kh1 Nh5 21. Bd7 Qf7 22. Bg4 Nf4 23. Qe4 Bf6 24. Rd7 Qg6 25. Qxg6 {Praggnanandhaa,R (2746)-Duda,J (2740) London ENG 2024 ½-½ (47)}) 11. dxc5 ({RR} 11. Rd1 Qc7 12. e4 b4 13. axb4 cxb4 14. e5 bxc3 15. exf6 Bxf6 16. bxc3 Qxc3 17. Be3 Qc7 18. Rac1 Qd8 19. d5 Bxd5 20. Bxd5 exd5 21. Rc5 Re8 22. Rcxd5 Qc8 23. Ng5 h6 24. Nxf7 Kxf7 25. Qh5+ Kg8 {Mazur,S (2442)-Karas,M (2160) Slovakia SVK 2025 ½-½ (60)}) 11... Bxc5 12. e4 Nbd7 13. Bf4 $146 ({RR} 13. Bg5 h6 14. Bh4 Qb8 15. Rfd1 Ne5 16. Bg3 Nxf3+ 17. Qxf3 Qa7 18. Qe2 Bd4 19. e5 Bxc3 20. bxc3 Nd5 21. Qd3 Qc5 22. Rac1 Rac8 23. c4 bxc4 24. Rxc4 Qa5 25. Bb1 g6 26. Rg4 Ne7 27. Qe3 Rfd8 {Haag,G (2162)-Marentini,M (2148) Germany 2014 1-0 (42)}) 13... Nh5 14. Bg5 Be7 15. Be3 Qb8 16. Rfd1 Rd8 17. Ng5 Nhf6 18. f4 h6 19. Nxe6 fxe6 20. Bxe6+ Kh8 21. e5 Nxe5 22. fxe5 Qxe5 23. Bd4 Qg5 24. Be3 Bc5 25. Bxc5 Qxc5+ 26. Qf2 Qg5 27. Bh3 Nh5 28. Rxd8+ Rxd8 29. Rf1 Qe7 30. Re1 Qd6 31. Qf7 Qd4+ 32. Kh1 Qh4 33. Re8+ 1-0

[Event "Titled Tue 27th Aug Early"]
[Site "chess.com INT"]
[Date "2024.08.27"]
[Round "5"]
[White "Andreikin, D."]
[Black "Rustemov, A."]
[Result "1-0"]
[WhiteElo "2729"]
[BlackElo "2525"]
[PlyCount "93"]
[EventDate "2024.08.27"]

1. Nf3 d5 2. g3 c6 3. Bg2 Bf5 4. c4 dxc4 5. Na3 e5 6. Nxc4 e4 7. Nh4 ({RR} 7. Nfe5 Be6 8. Qc2 Nf6 9. O-O Be7 10. Rd1 Na6 11. a3 O-O 12. d3 exd3 13. Rxd3 Qc7 14. Bf4 Nd5 15. Bxd5 cxd5 16. Ng6 Qxc4 17. Nxe7+ {1-0 (17) Ding Liren (2811)-Grischuk,A (2745) chess.com INT 2022}) ({RR} 7. Nfe5 Qe7 8. d4 f6 9. Ne3 Be6 10. N5c4 f5 11. O-O Nf6 12. f3 exf3 13. Bxf3 Na6 14. Rb1 Nc7 15. Qc2 Nb5 16. d5 Nd4 17. Qa4 Nxf3+ 18. Rxf3 Bxd5 19. Nxd5 Nxd5 20. Rxf5 b5 21. Qa6 Qc7 {Favaloro,A (2422)-Fier,A (2534) Darfo Boario Terme ITA 2025 0-1}) 7... Be6 8. Ne3 Nf6 9. O-O $146 ({RR} 9. Qc2 Na6 10. b3 Bc5 11. Bb2 O-O 12. Bxe4 Nxe4 13. Qxe4 Re8 14. Nhf5 Bxf5 15. Qxf5 Bd4 16. Bc3 Nc7 17. Nc2 Nb5 18. Nxd4 Nxd4 19. Qg4 Qd5 20. O-O-O Re4 21. f4 f5 22. Qg5 Nxe2+ 23. Kb2 Nxc3 {Nguyen,P (2394)-Basso,P (2506) Chania GRE 2023 0-1}) ({RR} 9. Qc2 Qd4 10. O-O Na6 11. Nhf5 Qc5 12. Qc3 Qxc3 13. dxc3 Nc5 14. Bd2 g6 15. Nd4 Bd7 16. c4 a5 17. Nb3 a4 18. Nxc5 Bxc5 19. Bc3 Ke7 20. b4 axb3 21. axb3 Rhd8 22. b4 Bxe3 23. fxe3 Ng4 {Yeletsky,I (2469)-Rustemov,A (2525) chess.com INT 2024 ½-½ (75)}) 9... Na6 10. b3 Bc5 11. Bb2 Bd4 12. Qc1 O-O 13. Nef5 Bxb2 14. Qxb2 g6 15. Nd4 Bd5 16. Rae1 Re8 17. f3 exf3 18. Bxf3 Nc5 19. d3 Bxf3 20. Rxf3 Ng4 21. Ref1 Ne5 22. Rf6 Ncd7 23. R6f2 Qg5 24. Ndf3 Qe3 25. Nxe5 Nxe5 26. Ng2 Qh6 27. Rf4 f5 28. Qc3 Qg7 29. Kh1 Rad8 30. Qc5 b6 31. Qc3 c5 32. h3 h5 33. Qc2 Kh7 34. R4f2 Nc6 35. Nf4 Nd4 36. Qd2 Qe7 37. e4 Rf8 38. Re1 Qb7 39. Kh2 Rde8 40. Nd5 Kg7 41. Qg5 Qf7 42. Ref1 Qe6 43. Nf4 Qd6 44. Nxh5+ Kf7 45. Nf4 Rh8 46. h4 Qf6 47. Nh3 1-0

[Event "Titled Tue 27th Aug Early"]
[Site "chess.com INT"]
[Date "2024.08.27"]
[Round "9"]
[White "Carlsen, M."]
[Black "Vokhidov, Shamsiddin"]
[Result "1-0"]
[WhiteElo "2832"]
[BlackElo "2643"]
[PlyCount "97"]
[EventDate "2024.08.27"]

1. Nf3 Nf6 2. g3 c5 3. Bg2 Nc6 4. O-O e5 5. d3 d5 6. Na3 Be7 7. e4 O-O 8. Qe2 ({RR} 8. c3 dxe4 9. dxe4 h6 10. Nc4 Qc7 11. Ne3 Rd8 12. Nd5 Nxd5 13. exd5 c4 14. Re1 Be6 15. dxe6 Rxd1 16. exf7+ Kxf7 17. Rxd1 Rd8 18. Re1 Kg8 19. Be3 b5 20. h4 a6 21. a4 b4 22. Rad1 Rxd1 {Carlsen,M (2830)-Narayanan,S (2695) chess.com INT 2024 ½-½ (44)}) ({RR} 8. c3 Re8 9. Re1 Bf8 10. Bg5 d4 11. c4 h6 12. Bd2 g6 13. Rf1 Bg7 14. Nh4 g5 15. Nf5 Bxf5 16. exf5 e4 17. dxe4 Nxe4 18. Re1 Nd6 19. Rxe8+ Qxe8 20. Nb5 Qd7 21. Nxd6 Qxd6 22. Qh5 Re8 {Injac,T (2453)-Atalik,E (2395) Monaco MNC 2025 0-1 (36)}) 8... d4 9. Nc4 Qc7 10. a4 a6 $146 ({RR} 10... Nd7 11. Nfd2 Nb6 12. f4 exf4 13. gxf4 Nxc4 14. dxc4 f5 15. e5 Be6 16. Nf3 Rad8 17. Ne1 h6 18. b3 Rf7 19. Qh5 Kh7 20. Rf3 g6 21. Qh3 Rg8 22. Rg3 Kh8 23. Bd5 Qd7 24. Qg2 Bh4 25. Nd3 {Kabanov,N (2275)-Volzhin,A (2505) Ekaterinburg 1997 1-0 (48)}) 11. a5 Be6 12. b3 Nd7 13. Bd2 h6 14. Ne1 Rae8 15. f4 f5 16. exf5 Bxf5 17. g4 Be6 18. f5 Bf7 19. Be4 Nb4 20. Qg2 Nf6 21. h3 Nxe4 22. dxe4 Rd8 23. Qg3 Bxc4 24. bxc4 Bg5 25. Bxg5 hxg5 26. Rf2 Qc6 27. Nf3 Qxe4 28. Nxg5 Qc6 29. Qh4 Qh6 30. Qxh6 gxh6 31. Ne4 d3 32. c3 Nc2 33. Ra4 Rc8 34. Rd2 Rfd8 35. Kf2 Kf7 36. Ra2 Rc6 37. h4 b6 38. axb6 Rxb6 39. g5 hxg5 40. hxg5 Rh8 41. Rxd3 Rh2+ 42. Kg3 Re2 43. g6+ Kg7 44. Rd7+ Kg8 45. f6 Rb8 46. Rg7+ Kf8 47. Ng5 Rb1 48. Ne6+ Ke8 49. Re7# 1-0

[Event "Titled Tue 27th Aug Early"]
[Site "chess.com INT"]
[Date "2024.08.27"]
[Round "9"]
[White "Andreikin, D."]
[Black "Vidit, S."]
[Result "1-0"]
[WhiteElo "2729"]
[BlackElo "2720"]
[PlyCount "107"]
[EventDate "2024.08.27"]

1. Nf3 d5 2. g3 g6 3. Bg2 Bg7 4. d4 Nf6 5. O-O O-O 6. c3 a5 7. a4 c6 8. Nbd2 Bf5 9. Re1 Nbd7 ({RR} 9... Ne4 10. Nh4 e6 11. f3 Nxd2 12. Bxd2 h5 13. e4 dxe4 14. fxe4 Bg4 15. Qb3 e5 16. h3 Be6 17. d5 Bc8 18. Be3 cxd5 19. exd5 Qd6 20. Nf3 Nd7 21. Nd2 f5 22. Nc4 Qf6 23. Nb6 Nxb6 24. Qxb6 {Gauri,S (2348)-Johnson,D (2362) Charlotte USA 2025 0-1 (54)}) 10. Nh4 Bg4 $146 ({RR} 10... Be6 11. e4 dxe4 12. Nxe4 Nxe4 13. Bxe4 Re8 14. Bg2 Bd5 15. Bxd5 cxd5 16. Nf3 Qb6 17. Kg2 Rac8 18. Qe2 e5 19. dxe5 Nxe5 20. Bf4 f6 21. Be3 Qc6 22. Bd4 Nc4 23. Qc2 Re4 24. b3 Nd6 25. Qd3 {Lazavik,D (2567)-Vachier Lagrave,M (2732) chess.com INT 2024 ½-½ (36)}) 11. Qb3 Qc8 12. e4 dxe4 13. Nxe4 Be6 14. Nxf6+ Nxf6 15. Rxe6 Qxe6 16. Qxe6 fxe6 17. Bh3 Ne4 18. Bxe6+ Kh8 19. Be3 Rf6 20. Bb3 g5 21. Ng2 Raf8 22. Rf1 h6 23. Bc2 Nd6 24. h4 gxh4 25. Nxh4 Kg8 26. Re1 e6 27. Ng6 Re8 28. Nf4 Nc4 29. Bc1 Nb6 30. Nh5 Rff8 31. Re4 Re7 32. Rg4 Kh8 33. Nf4 Rxf4 34. Bxf4 e5 35. dxe5 Nc4 36. Bxh6 Bxh6 37. Rxc4 Rxe5 38. Be4 Bc1 39. b4 axb4 40. cxb4 Bd2 41. f4 Re7 42. b5 cxb5 43. axb5 b6 44. Kg2 Ra7 45. Rc6 Be3 46. Kf3 Ra3 47. Kg4 Bf2 48. Bf3 Rb3 49. Rc2 Bd4 50. Bc6 Kg7 51. Rd2 Bc5 52. Rd7+ Kf6 53. Rf7+ Ke6 54. Rf5 1-0

[Event "Titled Tue 27th Aug Early"]
[Site "chess.com INT"]
[Date "2024.08.27"]
[Round "9"]
[White "Deac, Bogdan-Daniel"]
[Black "Hakobyan, Aram"]
[Result "1-0"]
[WhiteElo "2683"]
[BlackElo "2617"]
[PlyCount "121"]
[EventDate "2024.08.27"]

1. Nf3 g6 2. d4 Bg7 3. e4 Nf6 4. e5 Ne4 5. Bd3 d5 6. O-O ({RR} 6. c4 c6 7. O-O O-O 8. Re1 Bf5 9. Nh4 e6 10. Nxf5 exf5 11. Nc3 Re8 12. Qb3 Nxf2 13. Kxf2 Qh4+ 14. Kf1 Qxd4 15. Bc2 Nd7 16. cxd5 Nxe5 17. Qa4 Nd3 18. Rxe8+ Rxe8 19. Bxd3 Qxd3+ {0-1 (19) Deac,B (2692)-Hakobyan,A (2619) chess.com INT 2024}) 6... c5 ({RR} 6... O-O 7. Re1 Bf5 8. Nh4 e6 9. Nxf5 exf5 10. c4 Nc6 11. f3 Nxd4 12. cxd5 Nc5 13. Bc4 Qh4 14. f4 Ne4 15. g3 Nxg3 16. Qxd4 Ne4 17. Re2 Ng5 18. Qe3 Bxe5 19. Qg3 Nh3+ 20. Kf1 Qxg3 21. hxg3 {Nakamura,H (2775)-Hakobyan,A (2608) chess.com INT 2023 1-0 (37)}) 7. c4 $146 ({RR} 7. c3 Nc6 8. Be3 O-O 9. Nbd2 Bf5 10. Qe2 Rc8 11. dxc5 Nxd2 12. Qxd2 Bxd3 13. Qxd3 Nxe5 14. Nxe5 Bxe5 15. Rad1 e6 16. f4 Bg7 17. b4 Qd7 18. Bd4 b6 19. Qa6 Rfd8 20. Rf3 bxc5 21. Bxc5 Rc7 {Tolonen,L (2345)-Salmensuu,O (2375) Finland 1998 ½-½ (103)}) 7... cxd4 8. cxd5 Qxd5 9. Qc2 Nc5 10. Bc4 d3 11. Qc3 Qc6 12. Be3 Nbd7 13. Nbd2 O-O 14. Rac1 a5 15. Rfe1 e6 16. Bd4 b6 17. Bxd3 Bb7 18. Be4 Nxe4 19. Qxc6 Bxc6 20. Rxc6 Nxd2 21. Nxd2 Rac8 22. Rxc8 Rxc8 23. f4 Rc2 24. Nb3 Bf8 25. Rc1 Rxc1+ 26. Nxc1 Bc5 27. Ne2 Kf8 28. Kf2 Bxd4+ 29. Nxd4 Nc5 30. Ke3 Ke7 31. b3 h5 32. g3 Kd7 33. Nf3 Na6 34. Kd2 Nb4 35. a3 Nd5 36. Ng5 Ke7 37. Ne4 Kd7 38. Kd3 Ke7 39. Kd4 Nc7 40. Nd6 f6 41. Nc8+ Kf7 42. Nxb6 Nb5+ 43. Kc5 Nxa3 44. exf6 Kxf6 45. Nc4 Nc2 46. Nxa5 g5 47. fxg5+ Kxg5 48. Nc6 Kf5 49. Nd4+ Nxd4 50. Kxd4 e5+ 51. Ke3 e4 52. b4 Ke5 53. b5 Kd5 54. b6 Kc6 55. Kxe4 h4 56. gxh4 Kxb6 57. h5 Kc7 58. h6 Kd7 59. h7 Ke7 60. h8=Q Kf7 61. Qh5+ 1-0

[Event "Titled Tue 27th Aug Early"]
[Site "chess.com INT"]
[Date "2024.08.27"]
[Round "10"]
[White "Nakamura, Hi"]
[Black "Deac, Bogdan-Daniel"]
[Result "1-0"]
[WhiteElo "2802"]
[BlackElo "2683"]
[PlyCount "129"]
[EventDate "2024.08.27"]

1. Nf3 d5 2. g3 c5 3. Bg2 Nc6 4. d4 Nf6 5. e3 e6 6. O-O Be7 7. b3 O-O 8. dxc5 Bxc5 9. Bb2 b5 ({RR} 9... b6 10. c4 Bb7 11. Qe2 dxc4 12. Rd1 Qe7 13. Qxc4 Rfd8 14. Nc3 Rxd1+ 15. Rxd1 Rd8 16. Qe2 h6 17. Ne1 Rxd1 18. Qxd1 Nb4 19. a3 Nc6 20. b4 Bd6 21. Qa4 Qd7 22. Ne4 Nxe4 23. Bxe4 a6 24. Qd1 {Nakamura,H (2802)-So,W (2751) Saint Louis USA 2024 0-1 (61)}) 10. Qe2 Rb8 11. Nbd2 b4 $146 ({RR} 11... Ba6 12. e4 Qb6 13. c3 b4 14. c4 Rfe8 15. h3 Rbd8 16. e5 Nd7 17. h4 f6 18. exf6 gxf6 19. Nh2 f5 20. Qh5 Bd4 21. Bxd4 Nxd4 22. Rac1 Nf6 23. Qg5+ Kf7 24. Rfe1 Rg8 25. Qe3 dxc4 26. Nxc4 {Wypych,D (2085)-Jaroch,K (2158) Chojnice 2008 0-1 (48)}) 12. e4 Rb6 13. Ne1 Ba6 14. Nd3 Bd4 15. Rfb1 dxe4 16. Nxe4 Bxb2 17. Rxb2 Bxd3 18. cxd3 Nd4 19. Qe3 Nf5 20. Qd2 Nd4 21. Rc1 a5 22. Rc4 Nxe4 23. dxe4 Rd6 24. Qe3 Nb5 25. Bf1 Nc3 26. Rc2 Rd1 27. Kg2 Rxf1 28. Rd2 Nd1 29. Rxd8 Nxe3+ 30. fxe3 Rxd8 31. Kxf1 g6 32. Ke2 h5 33. Rc5 Ra8 34. Kd3 a4 35. Kc4 axb3 36. axb3 Ra2 37. Kxb4 Rxh2 38. Rc3 Rg2 39. Kc4 Rxg3 40. b4 h4 41. b5 Rg1 42. b6 Rb1 43. Rb3 Rc1+ 44. Kb5 Rc8 45. b7 Rb8 46. Kc6 g5 47. Kc7 Rxb7+ 48. Rxb7 Kg7 49. Kd6 Kf6 50. e5+ Kg6 51. Rb8 g4 52. Rh8 h3 53. Ke7 Kf5 54. Rh4 Kg5 55. Rh7 Kf5 56. Rh5+ Kg6 57. Rh8 Kf5 58. Kxf7 Kxe5 59. Kg6 Ke4 60. Kg5 Kf3 61. Rh4 e5 62. Rxg4 Kxe3 63. Rg3+ Kf2 64. Rxh3 e4 65. Kf4 1-0

[Event "Titled Tue 27th Aug Early"]
[Site "chess.com INT"]
[Date "2024.08.27"]
[Round "11"]
[White "Carlsen, M."]
[Black "Sarana, A."]
[Result "1-0"]
[WhiteElo "2832"]
[BlackElo "2717"]
[PlyCount "63"]
[EventDate "2024.08.27"]

1. Nf3 d5 2. g3 g6 3. Bg2 Bg7 4. O-O e5 5. d3 Nc6 6. e4 Nge7 7. exd5 ({RR} 7. Nc3 dxe4 8. dxe4 Be6 9. Qe2 Nd4 10. Nxd4 exd4 11. Nd5 O-O 12. Bg5 f6 13. Bf4 Rc8 14. Rad1 c5 15. Nxe7+ Qxe7 16. c3 Qf7 17. b3 dxc3 18. Qc2 g5 19. Bd6 Rfd8 20. Qxc3 Rd7 21. e5 Rcd8 {Praggnanandhaa,R (2684)-Nakamura,H (2768) Kolkata IND 2022 0-1 (41)}) ({RR} 7. Nc3 d4 8. Ne2 O-O 9. h3 h6 10. Nd2 Be6 11. f4 Qd7 12. Kh2 f6 13. Nf3 a5 14. Bd2 a4 15. a3 b5 16. Qe1 Kh8 17. g4 g5 18. f5 Bf7 19. h4 Kg8 20. Rh1 Rfb8 21. Kg1 Qd6 {Javakhadze,Z (2412)-Solomon,K (2272) chess.com INT 2025 1-0 (37)}) 7... Nxd5 8. Nc3 Nb6 $146 ({RR} 8... Nxc3 9. bxc3 O-O 10. Re1 h6 11. Rb1 Kh7 12. Nd2 Qd7 13. Nc4 Re8 14. f4 e4 15. Rxe4 Rxe4 16. Bxe4 Bxc3 17. Be3 Bg7 18. Kh1 b6 19. Qf3 Bb7 20. f5 Nd4 21. fxg6+ fxg6 22. Bxg6+ Kxg6 23. Qxb7 {Moussard,J (2630)-Nepomniachtchi,I (2773) Chess.com INT 2022 0-1 (54)}) ({RR} 8... Nde7 9. Rb1 O-O 10. b4 a6 11. a4 Re8 12. Re1 Nf5 13. Bg5 f6 14. Bd2 Ncd4 15. Nxd4 Nxd4 16. Ne4 Rb8 17. c3 Ne6 18. Be3 b6 19. d4 f5 20. d5 fxe4 21. dxe6 Bxe6 22. Bxe4 Bf5 23. Qb3+ {Carlsen,M (2831)-Paravyan,D (2620) chess.com INT 2024 1-0 (53)}) 9. a4 a5 10. Bg5 Qd7 11. Re1 O-O 12. Qd2 Re8 13. Nb5 Nd5 14. d4 e4 15. Ne5 Nxe5 16. dxe5 Rxe5 17. Rxe4 c6 18. Rxe5 Bxe5 19. Re1 Bg7 20. Bxd5 cxd5 21. Nc7 h6 22. Nxa8 hxg5 23. Nb6 Qd8 24. Nxc8 Qxc8 25. Qxd5 Qxc2 26. Re7 Qxb2 27. Qxf7+ Kh7 28. Rxb7 Qc1+ 29. Kg2 Qc6+ 30. Kh3 Qc8+ 31. Rd7 Qc3 32. Qxg7+ 1-0

[Event "Titled Tue 27th Aug Early"]
[Site "chess.com INT"]
[Date "2024.08.27"]
[Round "11"]
[White "Andreikin, D."]
[Black "Bluebaum, M."]
[Result "1-0"]
[WhiteElo "2729"]
[BlackElo "2640"]
[PlyCount "145"]
[EventDate "2024.08.27"]

1. Nf3 d5 2. g3 e6 3. Bg2 Nf6 4. O-O Bd6 5. d3 O-O 6. Re1 e5 ({RR} 6... Nc6 7. e4 dxe4 8. dxe4 e5 9. Nc3 Bb4 10. Bd2 Bg4 11. h3 Bh5 12. g4 Bg6 13. Nh4 Nd4 14. Nf5 Ne6 15. Qe2 c6 16. Rad1 Qc7 17. Qf3 Rfd8 18. h4 h5 19. Bh3 Nd4 20. Qg2 Nxc2 21. Bg5 {Korchmar,V (2438)-Bluebaum,M (2658) chess.com INT 2024 0-1 (33)}) 7. e4 dxe4 8. dxe4 Be6 $146 ({RR} 8... Bg4 9. Nbd2 Nc6 10. c3 Bc5 11. Qc2 Re8 12. Nf1 Qe7 13. Be3 h6 14. Rad1 Rad8 15. Bxc5 Qxc5 16. Ne3 Rxd1 17. Rxd1 Be6 18. b4 Qb6 19. a4 Ng4 20. Nxg4 Bxg4 21. a5 Nxa5 22. bxa5 Qxa5 23. Qc1 {Varley,T-Khan,Z Brantford 1996 1-0 (49)}) ({RR} 8... Qe7 9. Nbd2 Rd8 10. h3 a5 11. Nh4 a4 12. Nf5 Bxf5 13. exf5 c6 14. Qf3 Nbd7 15. g4 Nd5 16. Ne4 Bc7 17. g5 f6 18. h4 Nc5 19. a3 b5 20. Bh3 Ba5 21. c3 Nb3 22. Rb1 Kh8 23. Bg4 {Khruschiov,A (2347)-Rostovtsev,D (2252) Moscow RUS 2024 0-1 (50)}) 9. Nbd2 h6 10. Qe2 Nbd7 11. Nc4 Qe7 12. Nh4 Nb6 13. Nf5 Bxf5 14. exf5 e4 15. Nxd6 cxd6 16. Bxe4 Nxe4 17. Qxe4 Qxe4 18. Rxe4 Rfe8 19. Rxe8+ Rxe8 20. Be3 Nc4 21. Bxa7 Nxb2 22. Rb1 Ra8 23. Bd4 Nc4 24. Rxb7 Rxa2 25. c3 Ne5 26. Kg2 Nc6 27. Rb6 Nxd4 28. cxd4 Ra5 29. f6 Rd5 30. Rb8+ Kh7 31. fxg7 Kxg7 32. Rb4 Ra5 33. h4 Kf6 34. Kf3 Kf5 35. g4+ Ke6 36. Kf4 h5 37. f3 f6 38. Rb1 Rd5 39. Re1+ Kf7 40. Ke4 Ra5 41. Rb1 Ke6 42. Re1 Kf7 43. Re2 Ra1 44. Kd5 Rh1 45. Kxd6 Rxh4 46. Re4 Kf8 47. Ke6 Rh3 48. Rf4 Kg7 49. d5 hxg4 50. Rxg4+ Kf8 51. Rf4 Kg7 52. d6 Rh1 53. d7 Rd1 54. Ke7 f5 55. d8=Q Re1+ 56. Kd6 Rd1+ 57. Kc7 Rc1+ 58. Kb6 Rb1+ 59. Kc5 Rc1+ 60. Rc4 Re1 61. Qg5+ Kf8 62. Qf6+ Ke8 63. Rd4 Rc1+ 64. Kb4 Rb1+ 65. Kc3 Rb8 66. Qh8+ Ke7 67. Qxb8 f4 68. Qe5+ Kf7 69. Rd6 Kf8 70. Qe6 Kg7 71. Qf6+ Kh7 72. Rd7+ Kg8 73. Qg7# 1-0

[Event "Titled Tue 27th Aug Late"]
[Site "chess.com INT"]
[Date "2024.08.27"]
[Round "8"]
[White "Indjic, A."]
[Black "Drygalov, Sergey"]
[Result "1-0"]
[WhiteElo "2610"]
[BlackElo "2542"]
[PlyCount "125"]
[EventDate "2024.08.27"]

1. Nf3 d5 2. e3 Nf6 3. c4 e6 4. Nc3 Be7 5. b3 O-O 6. Bb2 c5 7. cxd5 exd5 8. d4 Nc6 9. Be2 Bg4 10. dxc5 Bxc5 11. O-O a6 12. h3 Bh5 13. Nh4 Bg6 14. Nxg6 hxg6 15. Bf3 Ne7 16. Rc1 Rc8 17. Qd3 $146 ({RR} 17. Ne2 Qd6 18. Nf4 Rfd8 19. Nd3 Ba3 20. Rxc8 Rxc8 21. Be5 Qe6 22. Qa1 g5 23. Rd1 Ng6 24. Bxf6 gxf6 25. Ne1 Ne7 26. Qd4 Kg7 27. h4 Kg6 28. h5+ Kh6 29. g4 Bc5 30. Qd3 Bd6 31. Nc2 Be5 {Devaev,A (2325)-Blomqvist,E (2535) Chess.com INT 2021 1-0 (45)}) 17... Qd6 18. Rfd1 Rfd8 19. Rc2 Ba7 20. Ne2 Rxc2 21. Qxc2 Rc8 22. Qb1 g5 23. Rc1 Rxc1+ 24. Qxc1 Bc5 25. a3 Nc6 26. b4 Bb6 27. Bxf6 gxf6 28. Ng3 Ne7 29. Bg4 Qe5 30. Ne2 d4 31. exd4 Bxd4 32. Nxd4 Qxd4 33. Bf3 b5 34. g3 Ng6 35. Bb7 Ne5 36. Qe3 Qd6 37. Qe4 Kg7 38. Qd5 Qb6 39. Bc8 Nc4 40. a4 Qd6 41. Qxd6 Nxd6 42. axb5 axb5 43. Bd7 Kf8 44. h4 Ke7 45. h5 Kf8 46. g4 Ke7 47. Bc6 Kf8 48. Kg2 Kg7 49. f3 f5 50. Kf2 fxg4 51. fxg4 f5 52. gxf5 Nxf5 53. Bxb5 Kh6 54. Be2 Nd6 55. Ke3 Kg7 56. Kd4 Kf6 57. Kd5 Ke7 58. h6 Ne8 59. Kc5 Nf6 60. b5 Kd8 61. b6 Kc8 62. Kd6 Kb7 63. Ke6 1-0

[Event "Titled Tue 27th Aug Late"]
[Site "chess.com INT"]
[Date "2024.08.27"]
[Round "9"]
[White "Sindarov, Javokhir"]
[Black "Indjic, A."]
[Result "1-0"]
[WhiteElo "2674"]
[BlackElo "2610"]
[PlyCount "109"]
[EventDate "2024.08.27"]

1. Nf3 d5 2. g3 Bg4 3. Bg2 e6 4. c4 c6 5. Qb3 Qb6 6. d3 Nd7 7. Nc3 Ngf6 8. Be3 ({RR} 8. O-O Bd6 9. Qc2 O-O 10. e4 Qc7 11. b3 dxe4 12. dxe4 e5 13. Nh4 Bc5 14. h3 Be6 15. Kh2 Bd4 16. Ba3 Rfe8 17. Rad1 Qa5 18. Bb2 b5 19. f4 Nc5 20. Nf3 b4 21. Nxd4 exd4 22. Na4 d3 {Alpin,M (2305)-Charochkina,D (2323) Moscow RUS 2025 0-1 (69)}) 8... Bc5 9. Bxc5 Nxc5 10. Qa3 ({RR} 10. Qc2 Bxf3 11. Bxf3 d4 12. Nb1 e5 13. Nd2 O-O 14. a3 a5 15. b3 Nfd7 16. O-O f5 17. Rab1 Qc7 18. b4 axb4 19. axb4 Na4 20. c5 Nc3 21. Ra1 Nf6 22. Nc4 Rxa1 23. Rxa1 e4 24. Bg2 Qe7 {Zakhartsov,V (2504)-Indjic,A (2595) chess.com INT 2024 1-0}) 10... Bxf3 $146 ({RR} 10... dxc4 11. Ne5 a5 12. d4 Ncd7 13. Nxc4 Qb4 14. Nd6+ Ke7 15. Nxb7 Rhb8 16. Bxc6 Rc8 17. Qxb4+ axb4 18. Bxd7 Nxd7 19. Nd1 Ra7 20. Nc5 Nxc5 21. dxc5 Rxc5 22. Ne3 Bh5 23. g4 Bg6 24. h4 h5 25. Rg1 {Egorov,E (2350)-Lysyj,I (2631) Pavlodar 2018 ½-½ (83)}) 11. Bxf3 d4 12. Nb1 a5 13. O-O Qb4 14. b3 e5 15. Qc1 O-O 16. Nd2 Qb6 17. Rb1 Rfe8 18. Qc2 Qc7 19. a3 Qe7 20. b4 axb4 21. axb4 Na4 22. b5 Qc7 23. bxc6 bxc6 24. Kg2 Nc5 25. Ra1 g6 26. Ra2 Rxa2 27. Qxa2 Rb8 28. Rb1 Rc8 29. Qa3 Nfd7 30. Nb3 Qd6 31. Nxc5 Nxc5 32. Rb6 Kg7 33. Kg1 h5 34. h4 Rc7 35. Qb4 f5 36. Bd5 e4 37. Qa3 e3 38. f4 g5 39. hxg5 h4 40. Kg2 hxg3 41. Bf3 Qf8 42. Rxc6 Rxc6 43. Bxc6 Qd6 44. Qa7+ Kf8 45. Qa8+ Kg7 46. Qa7+ Kf8 47. Bd5 Ne6 48. Bxe6 Qxe6 49. Qxd4 Qc6+ 50. Qd5 Qb6 51. Qxf5+ Kg8 52. Qd5+ Kg7 53. Qe5+ Kg8 54. Kxg3 Qg6 55. Qxe3 1-0

[Event "11th Sinquefield Cup"]
[Site "Saint Louis USA"]
[Date "2024.08.22"]
[Round "4.1"]
[White "So, W."]
[Black "Nepomniachtchi, I."]
[Result "1-0"]
[WhiteElo "2751"]
[BlackElo "2767"]
[PlyCount "99"]
[EventDate "2024.08.19"]

1. Nf3 d5 2. e3 Nf6 3. c4 e6 4. b3 Be7 5. Bb2 O-O 6. Nc3 c5 7. cxd5 exd5 8. d4 Ne4 9. dxc5 Bf6 10. Nd4 Qa5 11. Rc1 Nc6 12. Be2 Nxc5 13. Nxc6 bxc6 14. O-O Ne4 15. Qc2 Nxc3 16. Bxc3 Bxc3 17. Qxc3 Qxa2 18. Rc2 Qa3 19. Ra1 Qe7 20. Qxc6 Be6 21. Qc5 Qxc5 22. Rxc5 Rfc8 $146 ({RR} 22... Rfd8 23. b4 Rdb8 24. b5 Rb7 25. Kf1 Rab8 26. Ke1 Rc8 27. Rxc8+ Bxc8 28. Rc1 Be6 29. Kd2 Kf8 30. Rc5 Ke7 31. Kc3 Kd6 32. Kd4 Rb6 33. f4 g6 34. g4 f5 35. g5 a6 36. Rc6+ Rxc6 37. bxc6 {Jacobson,A (2446)-Ahmad,K (2285) Sitges ESP 2023 1-0 (71)}) ({RR} 22... Rab8 23. Rb5 Rxb5 24. Bxb5 Rc8 25. Kf1 Rc7 26. Ra3 Kf8 27. Bd3 Ke7 28. Ke2 Kd6 29. Kd2 h6 30. Ra6+ Ke7 31. b4 Bc8 32. Ra5 Kd6 33. h4 g5 34. g3 f6 35. f4 gxh4 36. gxh4 Bd7 37. Bc2 {Duda,J (2739)-Firouzja,A (2757) chess.com INT 2025 ½-½ (64)}) 23. Rca5 Rab8 24. Bd1 d4 25. exd4 Bxb3 26. Rxa7 Bxd1 27. Rxd1 Rc2 28. g3 g6 29. Rd3 Rcb2 30. Kg2 R8b3 31. Rf3 Rxf3 32. Kxf3 Kg7 33. g4 h6 34. Re7 Rd2 35. Ke3 Rd1 36. Re4 Kf6 37. h4 Ra1 38. Kd3 Ra2 39. f3 Ra3+ 40. Kc4 Rxf3 41. d5 Ra3 42. Re8 Ra1 43. d6 Rd1 44. Kc5 h5 45. g5+ Kf5 46. Re2 Kf4 47. Kc6 Kf3 48. Rc2 Rd4 49. d7 Kg3 50. Rc5 1-0

[Event "60th Rubinstein Mem"]
[Site "Polanica Zdroj POL"]
[Date "2024.08.25"]
[Round "9.2"]
[White "Shankland, S."]
[Black "Bartel, Mat"]
[Result "1-0"]
[WhiteElo "2669"]
[BlackElo "2630"]
[PlyCount "69"]
[EventDate "2024.08.17"]

1. Nf3 {Postny,Evgeny} d5 2. g3 b6 3. Bg2 Bb7 4. O-O e6 5. d3 Nf6 6. Nbd2 Be7 7. e4 dxe4 ({RR} 7... c5) 8. dxe4 O-O ({RR} 8... Nxe4 9. Ne5 f5 ({RR} 9... Nd6 10. Bxb7 Nxb7 11. Qf3) 10. Qh5+ ({RR} 10. Bxe4 fxe4 11. Qh5+) 10... g6 11. Nxg6 Nf6 12. Qh3 Bxg2 13. Qxg2 hxg6 14. Qxa8) 9. Qe2 ({RR} 9. e5 Nfd7 10. Re1 a5 11. a4 Nc5 12. Qe2 Nba6 13. Nc4 Qe8 14. b3 Rd8 15. Bb2 Nb4 16. Rac1 Rd7 17. Red1 Qa8) 9... Nc6 10. e5 Nd7 11. Rd1 Qc8 12. Nf1 Rd8 13. h4 Nc5 ({RR} 13... Nf8 14. Bg5 Bxg5 15. hxg5 Ng6 16. N1h2 Rxd1+ 17. Rxd1 Qe8 18. Ng4 Rd8) 14. Bf4 Rxd1 15. Rxd1 Qe8 16. h5 h6 17. N1h2 $146 ({RR} 17. Nd4 Nxd4 18. Rxd4 Bxg2 19. Kxg2 Rd8 20. Be3 ({RR} 20. Rxd8 Qxd8 21. Qf3) 20... Rxd4 21. Bxd4 Qa4 22. Bxc5 Bxc5 23. a3 Qc6+ ({RR} 23... b5) 24. Kh2 ({RR} 24. Qf3 Qxf3+ 25. Kxf3 Bd4) 24... Qd5 25. c3 ({RR} 25. c4 Qd4 26. Kg2) 25... Qa2 26. Qb5 ({RR} 26. Qd2 Qb1) 26... c6 27. Qxc6 Qxb2 28. Qa8+ Bf8 29. Kg2 Qxa3 30. c4 a5 31. Ne3 Qc5 {Almasi,I (2437)-Postny,E (2482) Budapest 2002 CBM 089 [Postny,Evgeny] 0-1 (38)}) 17... Rd8 18. Ng4 Nb4 19. a3 Ba6 20. c4 Nbd3 21. Bxh6 gxh6 22. b4 Bxc4 23. bxc5 Nf4 24. Qc2 Rxd1+ 25. Qxd1 Nxg2 26. Nf6+ Bxf6 27. exf6 Nf4 28. gxf4 Kh8 29. Ne5 Qg8+ 30. Kh2 Bd5 31. f3 b5 32. Qd2 Qf8 33. Qb2 Qe8 34. c6 Qg8 35. Qb4 1-0